Faculty of Law Library — Cairo University

Official Online Catalog

Commentaries on the Conflict of Laws, Foreign and Domestic In Regard to Contracts, Rights, and Remedies, and Especially in Regard to Marriages, Divorces, Wills, Successions, and Judgments / (Record no. 51332)

MARC details
000 -LEADER
fixed length control field 01502nam a22003857i 4500
003 - CONTROL NUMBER IDENTIFIER
control field EG-GICUC
005 - DATE AND TIME OF LATEST TRANSACTION
control field 20260121101519.0
008 - FIXED-LENGTH DATA ELEMENTS--GENERAL INFORMATION
fixed length control field 251217s1883 us |||fr|||| 0|1 0 eng d
040 ## - CATALOGING SOURCE
Original cataloging agency EG-GiCUC
Language of cataloging eng
Transcribing agency EG-GiCUC
Modifying agency EG-GiCUC
Description conventions Rda
041 ## - LANGUAGE CODE
Language code of text/sound track or separate title eng
082 04 - DEWEY DECIMAL CLASSIFICATION NUMBER
Edition number 21
Classification number 341.84
Item number ST . C
092 04 - LOCALLY ASSIGNED DEWEY CALL NUMBER (OCLC)
Edition number 21
099 ## - LOCAL FREE-TEXT CALL NUMBER (OCLC)
Classification number Law1 12 341.84 ST . C 8 ed - 1983
100 1# - MAIN ENTRY--PERSONAL NAME
Personal name Story, Joseph,
Dates associated with a name 1779-1845,
Relator term Author.
245 10 - TITLE STATEMENT
Title Commentaries on the Conflict of Laws, Foreign and Domestic In Regard to Contracts, Rights, and Remedies, and Especially in Regard to Marriages, Divorces, Wills, Successions, and Judgments /
Statement of responsibility, etc. Joseph Story.
246 1# - VARYING FORM OF TITLE
Title proper/short title Commentaries on the Conflict Between Foreign and Domestic Laws
250 ## - EDITION STATEMENT
Edition statement Eighth edition /
Remainder of edition statement by Melville M. Bigelow.
264 #1 - PRODUCTION, PUBLICATION, DISTRIBUTION, MANUFACTURE, AND COPYRIGHT NOTICE
Place of production, publication, distribution, manufacture Boston :
Name of producer, publisher, distributor, manufacturer Little, Brown, and Company,
Date of production, publication, distribution, manufacture, or copyright notice 1883.
300 ## - PHYSICAL DESCRIPTION
Extent xxxix, 901 pages ;
Dimensions 24 cm.
336 ## - CONTENT TYPE
Source rda contenu
Content type term texte
337 ## - MEDIA TYPE
Source rda medias
Media type term Ordinateur
338 ## - CARRIER TYPE
Source transporteur rda
Carrier type term Ressource en ligne
500 ## - GENERAL NOTE
General note Index to cases cited": pages xxi-xxxix.
504 ## - BIBLIOGRAPHY, ETC. NOTE
Bibliography, etc. note Includes bibliographical references and index.
546 ## - LANGUAGE NOTE
Language note Text in English
650 14 - SUBJECT ADDED ENTRY--TOPICAL TERM
Source of heading or term Conflict of laws
General subdivision Private international law
650 14 - SUBJECT ADDED ENTRY--TOPICAL TERM
Source of heading or term marriages
650 14 - SUBJECT ADDED ENTRY--TOPICAL TERM
Source of heading or term divorces
650 14 - SUBJECT ADDED ENTRY--TOPICAL TERM
Source of heading or term successions, and judgments
651 1# - SUBJECT ADDED ENTRY--GEOGRAPHIC NAME
Source of heading or term qrmak
700 1# - ADDED ENTRY--PERSONAL NAME
Personal name Bigelow, Melville Madison,
Dates associated with a name 1846-1921,
Relator term editor.
856 40 - ELECTRONIC LOCATION AND ACCESS
Uniform Resource Identifier <a href="https://fll.law.cu.edu.eg/fulltext/bks/B10-07251.pdf">https://fll.law.cu.edu.eg/fulltext/bks/B10-07251.pdf</a>
905 ## - Cataloger and Reviser Names
Cataloger Name: Rawan khaled
Revisor Name: Hassnaa
942 ## - ADDED ENTRY ELEMENTS (KOHA)
Source of classification or shelving scheme Dewey Decimal Classification
Koha item type Books
Edition 21
Suppress in OPAC No
Holdings
Withdrawn status Lost status Source of classification or shelving scheme Damaged status Not for loan Collection Home library Current library Date acquired Total checkouts Full call number Barcode Date last seen Copy number Price effective from Koha item type
    Dewey Decimal Classification   Not for loan القانون الدولي الخاص جــــامعة القــاهرة مكتبة كلية الحقوق - المبنى الرئيسي 17.12.2025   Law1 12 341.84 ST . C 8 ed - 1983 1201646 C1 B12-01646 17.12.2025 1 17.12.2025 Books

© All rights reserved — Faculty of Law, Cairo University